Geography Quiz

Random Geography or World Quiz

True or False Blitz: Geography Quiz Stats

 Plays Quiz Updated Aug 24, 2017

Challenge
Share
Tweet
Embed
Score 0/20 Timer 02:00
0 Plays Today
Question Answer Wrong Answers
LANGUAGES: The official language of Brazil is Portuguese True
93.2%
False
2.6%
RIVERS: The River Danube flows through Budapest True
84.3%
False
11.4%
LAKES: The largest of the Great Lakes is Lake Huron False
81.7%
True
14.2%
ASIA: Georgia borders the Black Sea True
78.4%
False
17.3%
COUNTRIES: The Comoros are located in the Indian Ocean True
75.9%
False
19.8%
ISLANDS: Crete is the largest of the Greek islands True
75.2%
False
20.6%
COUNTRIES: Finland and Fiji are the only two countries in the world whose names begin with 'F' False
74.3%
True
21.5%
MOUNTAINS: Aconcagua is located in the Andes True
72.7%
False
22.9%
USA: Chicago is the capital city of Illinois False
72%
True
23.8%
JAPAN: Tokyo is located on the island of Honshu True
69.7%
False
26%
CARIBBEAN: Puerto Rico is further East than Jamaica True
68.5%
False
27.3%
UNITED KINGDOM: The capital city of Scotland is Glasgow False
68.2%
True
27.7%
FLAGS: The flag of Gabon is comprised of three horizontal stripes True
64.9%
False
30.9%
AFRICA: Namibia is landlocked False
62%
True
33.8%
USA: The state of Mississippi shares a border with the state of Missouri False
59.9%
True
36%
TIME ZONES: China operates a single time zone True
59.9%
False
36%
CAPITAL CITIES: Skopje is the capital of Montenegro False
57%
True
38.9%
FLAGS: There are four stars on the flag of New Zealand True
56.1%
False
39.7%
CURRENCIES: The currency of Sweden is the Euro False
54%
True
41.8%
AUSTRALIA: Melbourne is the capital of New South Wales False
52.7%
True
43.3%

You're not logged in!

Compare scores with friends on all Sporcle quizzes.
Join for Free
OR
Log In

You Might Also Like...

Show Comments

Extras

Top Quizzes Today


Score Distribution

Your Account Isn't Verified!

In order to create a playlist on Sporcle, you need to verify the email address you used during registration. Go to your Sporcle Settings to finish the process.

Report this User

Report this user for behavior that violates our Community Guidelines.

Details: